| 000 | 01480nam a22002657a 4500 | ||
|---|---|---|---|
| 005 | 20110704113047.0 | ||
| 020 |
_a8182631602 _c20.00 |
||
| 020 |
_a9788182631601 _c20.00 |
||
| 035 | _aB-432369-373 | ||
| 037 |
_aDPL _bBlue Berry |
||
| 082 | _aS | ||
| 100 |
_aOhri, Herminder _929807 |
||
| 245 |
_aOur wonderful world / _cby Herminder Ohri; illustrated by Baaraan ijlal |
||
| 250 | _a2nd | ||
| 260 |
_aNew Delhi _bPratham Books _c2010 |
||
| 270 |
_a633-634,4th "C" Main,6th 'B' Cross, OMBR Layout Banaswadi, _bBangalore _e560043 _k911141042483 (New Delhi) |
||
| 300 |
_a17p. _bill. _c20 cm.(pbk) |
||
| 942 |
_2ddc _cCH _hS _mOHR |
||
| 999 |
_c53570 _d53570 |
||